Hotellerie und Gastronomie : Lehrerkommentar. 2

Hlavní autor: Clalüna, Monika
Další autoři: Plettenberg, Marilu
Jazyk: Němčina
Vydáno: Bonn-Bad Godesberg : Dürr + Kessler, 1991
Edice: Deutsch im Beruf
Témata:
Fyzický popis: 16 s.
Knihy
Uloženo v:
LEADER 00694nam a2200241 4500
001 000985953
003 CZ BrMZK
005 20180815140035.0
008 010907s1991 gw ger
020 |a 3-8018-5019-6 
040 |a BOA001  |b cze 
100 1 |a Clalüna, Monika  |7 mzk2010607845 
245 1 0 |a Hotellerie und Gastronomie :  |b Lehrerkommentar.  |n 2 
260 |a Bonn-Bad Godesberg :  |b Dürr + Kessler,  |c 1991 
300 |a 16 s. 
490 1 |a Deutsch im Beruf 
653 |a němčina - hotel, restaurace 
653 |a němčina - učebnice 
700 1 |a Plettenberg, Marilu  |7 mzk2010610746 
830 0 |a Deutsch im Beruf 
910 |a BOA001  |b NK-0002.361,2 
990 |a BK 
991 |z 000012320  |x 44